000 01805nam a22004337a 4500
001 000005510
003 CHAP
005 20220329133347.0
008 971013s1991 r 10010 d
010 _a5456
011 _a6428
035 _a5648
040 _cCHAP
082 _a338.1771
_bS46
111 0 0 _aSeminario Internacional sobre Lechería Tropical (
_d1990
_c: Villahermosa, Tab.)
_9104160
245 0 _aMemoria del Seminario Internacional sobre Lechería Tropical.
260 _aMéxico, D.F. :
_bFideicomisos Instituidos en Relación con la Agricultura,
_c1991.
300 _a4 v. :
_b: gráfs.
500 _a57-101
590 _aBATCH-UPD
_b10
_c20130110
_lUCH01
_h1959
590 _aBATCH-UPD
_b10
_c20130410
_lUCH01
_h1319
590 _aBATCH-UPD
_b10
_c20130914
_lUCH01
_h1515
590 _aCONVERSION
_b10
_c20130109
_lUCH01
_h1304
590 _aE11695DGD
_b10
_c20171115
_lUCH01
_h0914
650 1 4 _aGanado lechero
_xTabasco.
_945299
650 1 4 _aGanado lechero
_xTrópicos
_xCongresos.
_945304
650 1 4 _aLeche
_xProducción.
_965400
901 _aBK
942 _cLIBRO
942 _n0
949 _a338.1771 S46
_bBC
_cCONG
_d-150456
_eCONG
_fv.4 c.2
_i5648
_si
_t35.00
949 _a338.1771 S46
_bBC
_cCONG
_d-75310
_eCONG
_fv.1 c.2
_h82033
_i5648
_si
_t35.00
949 _a338.1771 S46
_bBC
_cCONG
_d-75311
_eCONG
_fv.2 c.2
_h82034
_i5648
_si
_t35.00
949 _a338.1771 S46
_bBC
_cLIBRO
_d33724000414926
_eLIBRO
_fv.2
_h82030
_i5648
_si
_t35.00
949 _a338.1771 S46
_bBC
_cLIBRO
_d33724000414934
_eLIBRO
_fv.3
_h82031
_i5648
_si
_t35.00
949 _a338.1771 S46
_bBC
_cLIBRO
_d33724000414942
_eLIBRO
_fv.4
_h82032
_i5648
_si
_t35.00
949 _a338.1771 S46
_bBC
_cLIBRO
_d33724000415063
_eLIBRO
_fv.1
_h82029
_i5648
_si
_t35.00
949 _a338.1771 S46
_bBC
_cLIBRO
_d33724000415204
_eLIBRO
_fv.1-4 c.3
_i5648
_si
_t35.00
999 _c5456
_d5456